| 000 | 00692nam a2200229Ia 4500 | ||
|---|---|---|---|
| 008 | 210303s9999 xx 000 0 und d | ||
| 016 | _2retro2022 | ||
| 020 | _a9780195394603 | ||
| 040 |
_aNLN _bEnglish _eAACR2 |
||
| 050 |
_aTK7871.85 _b.D582 |
||
| 082 | _a621.38152 | ||
| 100 |
_aDIMITRIJEV, Sima _eaut _924536 |
||
| 245 | 0 |
_aPrinciples of semiconductor devices / _cSima Dimitrijev |
|
| 260 |
_aNew York, U. S. A. : _bOxford University Press, _c2010 |
||
| 300 |
_axviii, 588p. : _bill. ; 23cm. |
||
| 500 | _aBibliography : P. 571-572 | ||
| 563 | _a(pbk) | ||
| 650 |
_aSemiconductor _924538 |
||
| 650 |
_aCrystals _924537 |
||
| 650 |
_aSolid state electronics _938163 |
||
| 942 |
_n0 _cBK |
||
| 999 |
_c12207 _d12207 |
||